Tvorba ideálnych verejných cien
Salvato in:
| Autore principale: | |
|---|---|
| Natura: | Libro |
| Lingua: | slovacco |
| Pubblicazione: |
Bratislava
2014
|
| Soggetti: | |
| Tags: |
Nessun Tag, puoi essere il primo ad aggiungerne!!
|
MARC
| LEADER | 00000nam a2200000 4500 | ||
|---|---|---|---|
| 001 | 0192351 | ||
| 005 | 20240416113600.9 | ||
| 041 | 0 | |a slo | |
| 044 | |a SK | ||
| 245 | 1 | 0 | |a Tvorba ideálnych verejných cien |c Soňa Brlejová |
| 264 | 1 | |a Bratislava |c 2014 | |
| 300 | |a [20 s., 3,65 NS] | ||
| 610 | 2 | 0 | |a tvorba cien |
| 610 | 2 | 0 | |a ekonómia blahobytu |
| 610 | 2 | 0 | |a náklady |
| 100 | 1 | |a Brlejová, Soňa, 1987- | |